000 nam a22 7a 4500
999 _c17681
_d17681
008 161128b xxu||||| |||| 00| 0 eng d
050 _aLB1027.44 .H54 2003
245 _aHighly Effective Questioning:
_bdeveloping the seven steps of critical thinking/
_cedited by Marilyn Carpenter, Percival Matthews, Nicholas Krump, Larry Whitesell, and Anna Lisa Pena
250 _a3rd ed.
260 _aPhoenix, Arizona:
_bG. Ivan Hannel,
_c2003
300 _a240p. :
_bill. ;
_ccm
650 _aQuestioning.
650 _aCritical thinking.
_xStudy and thinking.
700 _aMatthews, Percival
700 _aKrump, Nicholas
700 _aWhitesell, Larry
700 _aPenna, Anna Lisa
942 _2lcc
_cBOOKS
_hLB1027.44 .H54 2003